000 00460nam a22001937a 4500
003 MPLRDC
005 20220104143205.0
008 210129b ||||| |||| 00| 0 eng d
020 _a957-99949-3-5
082 _a220.7 FSBQ-2
100 _a佛使比丘
245 _a生命之囚
_c
250 _a初版
260 _a
_b香光书乡出版社
_c1994
300 _b
490 _a法音丛书. 3
650 _a佛教杂论
942 _cBK
_o220.7 FSBQ-2
999 _c37494
_d37484